Contrasting Movies Quiz Stats

 Plays Quiz Updated Aug 12, 2015

Score 0/25 Timer 06:00
0 Plays Today
% Correct
The Usual Suspects
88.9%
Chicago
85.5%
Stand By Me
82%
Reservoir Dogs
81.7%
12 Angry Men
74.1%
The Karate Kid
71.4%
The Fugitive
71%
Gone with the Wind
66.4%
Planes, Trains, and Automobiles
66%
Close Encounters of the Third Kind
62.3%
Glory
58.3%
What's Eating Gilbert Grape
56.7%
Young Frankenstein
55.9%
% Correct
Cool Hand Luke
55%
This is Spinal Tap
55%
About A Boy
51.2%
Midnight Cowboy
51.2%
My Cousin Vinny
48.3%
Little Miss Sunshine
47.8%
Boyz n the Hood
47.2%
Dog Day Afternoon
39.5%
Sense and Sensibility
37.3%
Quiz Show
36.9%
Beaches
34.9%
Big Fish
25.2%

You're not logged in!

Compare scores with friends on all Sporcle quizzes.
OR
Log In

Show Comments

Extras

Top Quizzes Today


Score Distribution

Your Account Isn't Verified!

In order to create a playlist on Sporcle, you need to verify the email address you used during registration. Go to your Sporcle Settings to finish the process.

Report this User

Report this user for behavior that violates our Community Guidelines.

Details: